LEADER 01560nam a2200325 a 4500 001 991003513879707536 008 035 $ab14345092-39ule_inst 040 $aBibl. Dip.le Aggr. Scienze Giuridiche - Sez. Studi Giuridici$bita 082 0 $a340.082 110 1 $aItalia$0423419 245 10$aDonne e diritto :$bdue secoli di legislazione, 1796-1986 /$ca cura di Agata Alma Cappiello, Elena Marinucci, Giacomo F. Rech, Laura Remiddi : con una nota di Paolo Ungari 260 $aRoma :$bPresidenza del Consiglio dei Ministri, Direzione Generale delle Informazioni dell'Editoria e della Proprietà Letteraria Artistica e Scientifica,$cstampa 1988 300 $a2 v. ;$c18 cm. 500 $aIn testa al front.: Commissione Nazionale per la Realizzazione della Parità tra Uomo e Donna 500 $a[v. 1] LVIII, 2083 p.; [v. 2] XL, 1454 p. 500 $aAllegata custodia 650 4$aDonne$xDiritti umani$xTutela 700 1 $aCappiello, Agata Alma 700 $aMarinucci, Elena 700 $aRemiddi, Laura 700 $aRech, Giacomo F. 700 $aUngari, Paolo 907 $a.b14345092$b19-06-18$c19-06-18 912 $a991003513879707536 945 $aLE027 340.08 ITA01.01 V. 1$g1$i2027000339211$lle027$og$pE50.00$q-$rl$s- $t0$u1$v2$w1$x0$y.i15852143$z19-06-18 945 $aLE027 340.08 ITA01.01 V. 2$g1$i2027000339228$lle027$og$pE50.00$q-$rl$s- $t0$u1$v2$w1$x0$y.i15852155$z19-06-18 996 $aDonne e diritto$91748863 997 $aUNISALENTO 998 $ale027$b - - $cm$da $e-$fita$git $h0$i0 LEADER 02143nam 2200433Ka 450 001 9910694508103321 005 20060825150546.0 035 $a(CKB)5470000002363613 035 $a(OCoLC)61764172 035 $a(EXLCZ)995470000002363613 100 $a20051003d2000 ua 0 101 0 $aeng 181 $ctxt$2rdacontent 182 $cc$2rdamedia 183 $acr$2rdacarrier 200 12$aA report of the George C. Marshall European Center for Security Studies Conference on Enhancing the Security of States in a Multipolar World: Vulnerabilities and Opportunities, 13-15 March, 1999$b[electronic resource] /$fprepared by Ewan W. Anderson, with contributions from rapporteurs Fritz W. Ermarth and Alan Smith ; edited under the direction of the Marshall Center's Conference Center 210 1$a[Garmisch-Partenkirchen, Germany] :$cGeorge C. Marshall European Center for Security Studies,$d[2000] 215 $a1 volume $cdigital, PDF file 300 $aTitle from title screen (viewed on Oct. 3, 2005). 517 $aReport of the George C. Marshall European Center for Security Studies Conference on Enhancing the Security of States in a Multipolar World 606 $aSecurity, International$vCongresses 606 $aPolitical stability$zEurope, Eastern$vCongresses 606 $aPolitical stability$zAsia, Central$vCongresses 606 $aNational security$zEurope, Eastern$vCongresses 606 $aNational security$zAsia, Central$vCongresses 608 $aConference papers and proceedings.$2lcgft 615 0$aSecurity, International 615 0$aPolitical stability 615 0$aPolitical stability 615 0$aNational security 615 0$aNational security 701 $aAnderson$b Ewan W$0271117 712 02$aGeorge C. Marshall European Center for Security Studies. 801 0$bGPO 801 1$bGPO 906 $aBOOK 912 $a9910694508103321 996 $aA report of the George C. Marshall European Center for Security Studies Conference on Enhancing the Security of States in a Multipolar World: Vulnerabilities and Opportunities, 13-15 March, 1999$93427504 997 $aUNINA